LIBRARY & INFORMATION CENTRE, KCAET, TAVANUR

ONLINE PUBLIC ACCESS CATALOGUE (OPAC)

Off-the-road mobility of automation / (Record no. 5600)

MARC details
000 -LEADER
fixed length control field 00454cam a2200181ua 4500
041 ## - LANGUAGE CODE
Language code of text/sound track or separate title eng
082 ## - DEWEY DECIMAL CLASSIFICATION NUMBER
Classification number 629.22042
Item number AGI/OF
100 ## - MAIN ENTRY--AUTHOR NAME
Personal name Ageikin, I S .
245 ## - TITLE STATEMENT
Title Off-the-road mobility of automation /
250 ## - EDITION STATEMENT
Edition statement 1 /
260 ## - PUBLICATION, DISTRIBUTION, ETC. (IMPRINT)
Place of publication :
Name of publisher Oxonian Press Pvt Ltd ,
Year of publication 1987.
300 ## - PHYSICAL DESCRIPTION
Number of Pages 236 ;
Accompanying material CD ROM.
942 ## - ADDED ENTRY ELEMENTS (KOHA)
Koha item type Books
Holdings
Withdrawn status Lost status Damaged status Home library Current library Date acquired Full call number Accession Number Koha item type
      KAUAET KAUAET 07/04/2012 629.22042 16532 Books
free website counter